Tam, kde sa chlieb končí a voda začína Obec, ktorá zásobuje kvalitnou vodou štyri spišské mestá, nedostala od štátu ani korunu

Podrobná bibliografia
Hlavný autor: Hudák, Pavol, 1959-2011 (Autor)
Médium: Článok
Jazyk:slovenčina
ISSN:1335-4655
Predmet:

MARC

LEADER 00000nab a2200000 a 4500
001 vtls001020150
003 SK-MaSNL
005 20260303035217.0
008 040720e19960430xo 0 slo
035 |a SN6061 
040 |a SNSK  |b slo  |c SNSK  |e AACR2 
041 0 |a slo 
044 |a xo  |c SK 
080 |a 628.1  |2 1981 
100 1 |a Hudák, Pavol,  |d 1959-2011  |4 aut  |9 237890 
245 1 0 |a Tam, kde sa chlieb končí a voda začína  |b Obec, ktorá zásobuje kvalitnou vodou štyri spišské mestá, nedostala od štátu ani korunu 
650 0 7 |a voda pitná  |2 SNSK  |9 876771 
650 0 7 |a zásobovanie (ekonómia)  |2 SNSK  |9 27908 
651 7 |a Liptovská Teplička (Slovensko)  |2 SNSK  |9 20039 
651 7 |a Poprad (Slovensko)  |2 SNSK  |9 20155 
651 7 |a Kežmarok (Slovensko)  |2 SNSK  |9 26808 
651 7 |a Svit (Slovensko)  |2 SNSK  |9 29648 
651 7 |a Spišská Nová Ves (Slovensko)  |2 SNSK  |9 28800 
651 7 |a PP,  |2 SNSK  |9 1016452 
655 7 |a periodikum  |2 snkbucl  |9 29553 
773 0 8 |t Nový Čas  |g Roč. 6, č.100, 30.4.1996, s. 10-11  |x 1335-4655 
852 |a ZVYKNI  |b KIS3GCP 
999 |c 1676475  |d 1678405